[Event "IX EICC"]
[Site "Plovdiv BUL"]
[Date "2008.04.24"]
[Round "4"]
[White "Gustafsson, J."]
[Black "Nedev, T."]
[Result "1-0"]
[WhiteElo "2603"]
[BlackElo "2518"]
[PlyCount "151"]
[EventDate "2008.04.21"]
[SourceDate "1999.07.01"]

1. Nf3 Nf6 2. c4 g6 3. Nc3 Bg7 4. e4 d6 5. d4 O-O 6. Be2 e5 7. O-O Nc6 8. d5
Ne7 9. b4 Nh5 10. Re1 f5 11. Ng5 Nf6 12. f3 Nh5 13. c5 Kh8 14. Rb1 Nf4 15. Bc4
fxe4 16. Ngxe4 Nf5 17. Rb2 Nd4 18. Kh1 g5 19. Be3 Bf5 20. g3 Nh3 21. Bf1 h6 22.
cxd6 cxd6 23. Nb5 Nxb5 24. Bxb5 g4 25. Bd3 Qd7 26. fxg4 Bxg4 27. Be2 Bf5 28.
Bf3 Rf7 29. Bg2 Raf8 30. Qh5 Kg8 31. Rd2 Bg4 32. Qg6 Bf5 33. Qh5 Bg4 34. Qg6
Bf5 35. Qxd6 Qc8 36. Qc5 Rc7 37. Qb5 Rc1 38. Rde2 Rxe1+ 39. Rxe1 Qc2 40. Bc5
Bxe4 41. Bxe4 Nf2+ 42. Bxf2 Qxf2 43. Qe2 Qd4 44. Kg2 Qxb4 45. Rb1 Qe7 46. d6
Qxd6 47. Rxb7 a5 48. a4 Qf6 49. Rb5 Qd8 50. h4 Kh8 51. Rb7 Qf6 52. Rb3 Qd8 53.
Rb5 Qc7 54. Qg4 Qc4 55. Kh3 Qf1+ 56. Bg2 Qf5 57. Qxf5 Rxf5 58. Rxa5 Rf7 59. Bd5
Rf6 60. Be4 Rf7 61. Bd5 Rf8 62. Ra7 Rd8 63. Bf3 Bf8 64. a5 Rd3 65. Rf7 Bd6 66.
Be4 Re3 67. Rh7+ Kg8 68. Rxh6 Bf8 69. Bd5+ Kg7 70. Re6 Bb4 71. a6 Ra3 72. Kg4
Bc5 73. h5 Bf2 74. h6+ Kh8 75. Rxe5 Kh7 76. Kh5 1-0

[Event "IX EICC"]
[Site "Plovdiv BUL"]
[Date "2008.04.25"]
[Round "5"]
[White "Ivanisevic, I."]
[Black "Spasov, V."]
[Result "1/2-1/2"]
[WhiteElo "2649"]
[BlackElo "2579"]
[PlyCount "119"]
[EventDate "2008.04.21"]
[SourceDate "1999.07.01"]

1. d4 Nf6 2. Nf3 g6 3. c4 Bg7 4. Nc3 d6 5. e4 O-O 6. Be2 e5 7. Be3 Ng4 8. Bg5
f6 9. Bc1 Nc6 10. h3 exd4 11. Nxd4 Nge5 12. Nxc6 Nxc6 13. Be3 f5 14. exf5 Bxf5
15. Qd2 Qf6 16. Rd1 Rae8 17. O-O a5 18. Nd5 Qf7 19. b3 Kh8 20. a3 Be4 21. Nc3
Bf5 22. Bf3 Bxh3 23. Bxc6 bxc6 24. gxh3 Qf3 25. Bd4 Qxh3 26. Bxg7+ Kxg7 27. Ne2
Rf3 28. Nf4 Qh6 29. Ng2 Qxd2 30. Rxd2 Rxb3 31. Ra1 Reb8 32. Raa2 Rc3 33. Ne3 a4
34. Rd4 c5 35. Re4 Rf8 36. Nd5 Rc1+ 37. Kg2 Rf7 38. Rae2 g5 39. Rb2 Ra1 40. Re3
Rc1 41. Re4 Ra1 42. Re3 Rc1 43. Nc3 h6 44. Rd2 Kg6 45. Rdd3 Rc2 46. Re2 Rc1 47.
Re6+ Rf6 48. Rxf6+ Kxf6 49. Kf3 h5 50. Nd5+ Ke5 51. Nxc7 Rxc4 52. Rd5+ Kf6 53.
Rxd6+ Ke5 54. Rd5+ Kf6 55. Ne8+ Ke7 56. Nc7 g4+ 57. Ke3 h4 58. Rh5 g3 59. fxg3
hxg3 60. Nd5+ 1/2-1/2

[Event "IX EICC"]
[Site "Plovdiv BUL"]
[Date "2008.04.25"]
[Round "5"]
[White "Nielsen, PH."]
[Black "Djukic, Ni"]
[Result "1-0"]
[WhiteElo "2629"]
[BlackElo "2543"]
[PlyCount "65"]
[EventDate "2008.04.21"]
[SourceDate "1999.07.01"]

1. d4 Nf6 2. c4 g6 3. Nc3 Bg7 4. e4 d6 5. Nf3 O-O 6. Be2 e5 7. O-O Nc6 8. d5
Ne7 9. b4 a5 10. bxa5 c5 11. a4 Rxa5 12. Bd2 Kh8 13. Rb1 Ra6 14. Qc2 Nd7 15.
Kh1 Rb6 16. Rxb6 Qxb6 17. Rb1 Qd8 18. Nb5 Nf6 19. Bd3 Nxe4 20. Bxe4 f5 21. Bd3
e4 22. Bf4 exf3 23. gxf3 Rf6 24. Re1 h6 25. Qe2 Ng8 26. Qe8 Qxe8 27. Rxe8 Bd7
28. Rd8 Rf7 29. Nxd6 Re7 30. Nxb7 Bxa4 31. Nxc5 Bd1 32. Kg2 g5 33. d6 1-0

[Event "IX EICC"]
[Site "Plovdiv BUL"]
[Date "2008.04.26"]
[Round "6"]
[White "Beliavsky, A."]
[Black "Kokarev, Dm"]
[Result "0-1"]
[WhiteElo "2641"]
[BlackElo "2579"]
[PlyCount "80"]
[EventDate "2008.04.21"]
[SourceDate "1999.07.01"]

1. d4 Nf6 2. c4 g6 3. Nc3 Bg7 4. e4 O-O 5. Nf3 d6 6. Be2 e5 7. O-O Na6 8. Be3
Ng4 9. Bg5 Qe8 10. dxe5 dxe5 11. h3 f6 12. Bd2 Nh6 13. a3 c6 14. b4 Nf7 15. Qc2
f5 16. exf5 gxf5 17. Rad1 e4 18. Nh2 Nc7 19. f3 e3 20. Bc1 Qe5 21. Bb2 Ne6 22.
f4 Nxf4 23. Kh1 Ng5 24. Nf3 Qe7 25. c5 Nh5 26. Bc4+ Kh8 27. Ne2 Ne4 28. Kg1
Nhg3 29. Nf4 Nxf1 30. Rxf1 Bxb2 31. Qxb2+ Qg7 32. Ne5 Nf6 33. Rf3 Bd7 34. Rxe3
Rae8 35. Qd4 Ne4 36. Nfd3 Be6 37. Bxe6 Rxe6 38. Qb2 Rfe8 39. Nc4 Qxb2 40. Ndxb2
Nxc5 0-1

[Event "IX EICC"]
[Site "Plovdiv BUL"]
[Date "2008.04.26"]
[Round "6"]
[White "Sakaev, K."]
[Black "Markos, J."]
[Result "1/2-1/2"]
[WhiteElo "2649"]
[BlackElo "2565"]
[PlyCount "99"]
[EventDate "2008.04.21"]
[SourceDate "1999.07.01"]

1. Nf3 Nf6 2. c4 g6 3. Nc3 Bg7 4. e4 d6 5. d4 O-O 6. Be2 e5 7. d5 a5 8. Bg5 h6
9. Bh4 Na6 10. O-O Bd7 11. Ne1 g5 12. Bg3 Nxe4 13. Nxe4 f5 14. Nc3 f4 15. Nd3
Bf5 16. Bf3 Qe8 17. Be4 Qg6 18. Qe2 Nb4 19. a3 Bxe4 20. Nxe4 Nxd3 21. Qxd3 fxg3
22. fxg3 g4 23. Rxf8+ Rxf8 24. b4 axb4 25. axb4 h5 26. c5 Bh6 27. cxd6 cxd6 28.
Rf1 Bg5 29. Rxf8+ Kxf8 30. h4 Bd8 31. Kf1 Bb6 32. Ke2 Ke7 33. Kd1 Qf5 34. Kc2
Bd4 35. Kb3 Qg6 36. Qc2 Bb6 37. Qc4 Qf5 38. Ka3 Qf8 39. Kb3 Qf5 40. Ka3 Qf8 41.
Qc1 Kd7 42. Kb3 Bd8 43. Ka4 Be7 44. Kb3 Bd8 45. Qc4 Qh6 46. Qb5+ Kc7 47. Qa5+
Kc8 48. Qa8+ Kc7 49. Qa5+ Kc8 50. Qa8+ 1/2-1/2

[Event "IX EICC"]
[Site "Plovdiv BUL"]
[Date "2008.04.26"]
[Round "6"]
[White "Pelletier, Y."]
[Black "Jones, G."]
[Result "1/2-1/2"]
[WhiteElo "2607"]
[BlackElo "2522"]
[PlyCount "38"]
[EventDate "2008.04.21"]
[SourceDate "1999.07.01"]

1. c4 Nf6 2. Nf3 g6 3. Nc3 Bg7 4. d4 O-O 5. e4 d6 6. Be2 e5 7. O-O Nc6 8. d5
Ne7 9. Nd2 a5 10. a3 Nd7 11. Rb1 f5 12. b4 Kh8 13. Qc2 axb4 14. axb4 c6 15. Rd1
Nf6 16. c5 fxe4 17. cxd6 Nexd5 18. Ndxe4 Bf5 19. Bd3 Nxe4 1/2-1/2

[Event "IX EICC"]
[Site "Plovdiv BUL"]
[Date "2008.04.26"]
[Round "6"]
[White "Golod, V."]
[Black "Nedev, T."]
[Result "1/2-1/2"]
[WhiteElo "2606"]
[BlackElo "2518"]
[PlyCount "69"]
[EventDate "2008.04.21"]
[SourceDate "1999.07.01"]

1. d4 Nf6 2. c4 g6 3. Nc3 Bg7 4. e4 d6 5. Nf3 O-O 6. Be2 e5 7. O-O Nc6 8. d5
Ne7 9. b4 Nh5 10. Re1 f5 11. Ng5 Nf6 12. Bf3 c6 13. Bb2 h6 14. Ne6 Bxe6 15.
dxe6 fxe4 16. Nxe4 Nxe4 17. Rxe4 Nf5 18. b5 Rc8 19. Re2 Qe8 20. bxc6 bxc6 21.
Qa4 Nh4 22. Be4 Qxe6 23. Bxc6 Qg4 24. Bd5+ Kh7 25. Qc2 Rf3 26. Bxf3 Nxf3+ 27.
Kh1 Rxc4 28. Qd3 Nxh2 29. Kxh2 Qh5+ 30. Kg1 Rh4 31. f3 Rh1+ 32. Kf2 Qh4+ 33.
Ke3 Qf4+ 34. Kf2 Qh4+ 35. Ke3 1/2-1/2

[Event "TCh-RUS Major League"]
[Site "Dagomys RUS"]
[Date "2008.04.03"]
[Round "1"]
[White "Savchenko, S."]
[Black "Maslak, K."]
[Result "1/2-1/2"]
[WhiteElo "2560"]
[BlackElo "2521"]
[PlyCount "49"]
[EventDate "2008.04.02"]
[SourceDate "1999.07.01"]

1. Nf3 Nf6 2. c4 g6 3. Nc3 Bg7 4. e4 d6 5. d4 O-O 6. Be2 e5 7. O-O Na6 8. Be3
Ng4 9. Bg5 Qe8 10. Re1 c6 11. h3 f6 12. Bh4 Nh6 13. Rb1 c5 14. dxe5 dxe5 15. a3
Nf7 16. b4 Nd8 17. Nd5 Ne6 18. Nd2 Rf7 19. Nf1 Nb8 20. b5 Nd7 21. Nfe3 Ndf8 22.
Ng4 Nd7 23. Nge3 Ndf8 24. Ng4 Nd7 25. Nge3 1/2-1/2

[Event "TCh-RUS Major League"]
[Site "Dagomys RUS"]
[Date "2008.04.09"]
[Round "7"]
[White "Korobov, A."]
[Black "Yevseev, D."]
[Result "0-1"]
[WhiteElo "2590"]
[BlackElo "2512"]
[PlyCount "76"]
[EventDate "2008.04.02"]
[SourceDate "1999.07.01"]

1. d4 Nf6 2. c4 g6 3. Nc3 Bg7 4. e4 d6 5. Nf3 O-O 6. Be2 e5 7. O-O Nc6 8. d5
Ne7 9. b4 Nh5 10. Re1 f5 11. Ng5 Nf6 12. Bf3 c6 13. Qb3 h6 14. Ne6 Bxe6 15.
dxe6 Qc8 16. b5 Qxe6 17. Ba3 c5 18. exf5 gxf5 19. Bxb7 Rab8 20. Bd5 Nfxd5 21.
cxd5 Qf7 22. Bb2 e4 23. Rad1 Ng6 24. Ba1 Kh7 25. a4 Rg8 26. Ne2 Bxa1 27. Rxa1
Ne5 28. Kh1 Nd3 29. Rf1 f4 30. f3 Rxg2 31. Kxg2 Rg8+ 32. Ng3 fxg3 33. hxg3 Qf4
34. g4 exf3+ 35. Kh1 c4 36. Qd1 Rxg4 37. Rxf3 Rh4+ 38. Kg2 Qg4+ 0-1

[Event "TCh-RUS Major League"]
[Site "Dagomys RUS"]
[Date "2008.04.10"]
[Round "8"]
[White "Miroshnichenko, E."]
[Black "Yevseev, D."]
[Result "1-0"]
[WhiteElo "2642"]
[BlackElo "2512"]
[PlyCount "61"]
[EventDate "2008.04.02"]
[SourceDate "1999.07.01"]

1. Nf3 Nf6 2. c4 g6 3. Nc3 Bg7 4. e4 d6 5. d4 O-O 6. Be2 e5 7. O-O Nc6 8. Be3
Ng4 9. Bg5 f6 10. Bc1 f5 11. d5 Ne7 12. Ng5 Nf6 13. exf5 gxf5 14. f4 Ng6 15.
fxe5 dxe5 16. c5 h6 17. Ne6 Bxe6 18. dxe6 Ne7 19. Bc4 c6 20. Qd6 Ne8 21. Qd2
Nf6 22. Rd1 Qe8 23. Qe2 Rd8 24. Rd7 Ned5 25. Rxg7+ Kxg7 26. Qxe5 Nxc3 27. bxc3
Rd1+ 28. Bf1 Rd5 29. Qc7+ Kh8 30. c4 Rd4 31. Bxh6 1-0

[Event "TCh-RUS"]
[Site "Dagomys RUS"]
[Date "2008.04.10"]
[Round "8"]
[White "Evdokimov, Alexa"]
[Black "Inarkiev, E."]
[Result "1/2-1/2"]
[WhiteElo "2551"]
[BlackElo "2684"]
[PlyCount "133"]
[EventDate "2008.04.02"]
[SourceDate "1999.07.01"]

1. d4 Nf6 2. c4 g6 3. Nc3 Bg7 4. e4 d6 5. Nf3 O-O 6. Be2 e5 7. O-O Nc6 8. d5
Ne7 9. a4 a5 10. Ne1 b6 11. Nd3 Ba6 12. b3 Nd7 13. f3 f5 14. Nf2 Kh8 15. Bd2
Ng8 16. exf5 gxf5 17. f4 Qf6 18. fxe5 Qxe5 19. Qc2 Nc5 20. Rae1 Qd4 21. Ncd1
Rae8 22. Bc3 Qh4 23. Nd3 Ne4 24. Bxg7+ Kxg7 25. Nf4 Bc8 26. Bd3 Ngf6 27. Ne3
Re5 28. Bxe4 Nxe4 29. Qb2 Kg8 30. Nd3 Ree8 31. Nf4 Qe7 32. Nc2 Qe5 33. Qd4 Bd7
34. Nd3 Qxd4+ 35. Nxd4 Rf7 36. Rf3 Rfe7 37. Rfe3 Kf7 38. Nf4 Kf6 39. g3 Re5 40.
Nd3 R5e7 41. Kg2 Kf7 42. R3e2 Kf6 43. Re3 Kf7 44. Nf2 Kf6 45. R1e2 Ke5 46. Nf3+
Kf6 47. Nd4 Ke5 48. Nf3+ Kf6 49. Nd3 c5 50. Nf2 Nc3 51. Rxe7 Rxe7 52. Rxe7 Kxe7
53. Nd3 Kf6 54. Kf2 Be8 55. Nf4 Bf7 56. Ke3 Nd1+ 57. Ke2 Nc3+ 58. Ke3 Nd1+ 59.
Ke2 Nc3+ 60. Kd3 Ne4 61. Ke3 h6 62. Nd2 Nc3 63. Kd3 Nd1 64. h3 Ke5 65. Nf3+ Kf6
66. Nd2 Ke5 67. Nf3+ 1/2-1/2

[Event "Gausdal Classics GMA"]
[Site "Gausdal NOR"]
[Date "2008.04.12"]
[Round "5"]
[White "Ikonnikov, Vy"]
[Black "Kotronias, V."]
[Result "1/2-1/2"]
[WhiteElo "2578"]
[BlackElo "2611"]
[PlyCount "98"]
[EventDate "2008.04.08"]
[SourceDate "1999.07.01"]

1. d4 Nf6 2. Nf3 g6 3. c4 Bg7 4. Nc3 O-O 5. e4 d6 6. Be2 e5 7. O-O Nc6 8. d5
Ne7 9. b4 Nh5 10. Re1 f5 11. Ng5 Nf6 12. f3 c6 13. Be3 Bh6 14. h4 cxd5 15. cxd5
Bd7 16. Qd2 f4 17. Bf2 Bxg5 18. hxg5 Nh5 19. Bb5 Bxb5 20. Nxb5 a6 21. Nc3 Kh8
22. Rec1 Ng8 23. Ne2 h6 24. gxh6 g5 25. Rc3 Nxh6 26. Rac1 Qe8 27. Kf1 g4 28.
Rc7 Nf6 29. Bh4 Qh5 30. Bxf6+ Rxf6 31. Rc8+ Rf8 32. Rxa8 Rxa8 33. Ng1 Rg8 34.
Rc7 gxf3 35. gxf3 Rg3 36. Qf2 Qe8 37. Ne2 Qb5 38. Rc3 Kh7 39. a3 a5 40. bxa5
Qxa5 41. Qh2 Rg7 42. Qh5 Qb5 43. Ke1 Qd7 44. Kf2 Rg6 45. Rc1 Qd8 46. Rg1 Qb6+
47. Kf1 Qb1+ 48. Kf2 Qb6+ 49. Kf1 Qb1+ 1/2-1/2

[Event "ch-NED"]
[Site "Hilversum NED"]
[Date "2008.04.07"]
[Round "6"]
[White "L'Ami, E."]
[Black "Nijboer, F."]
[Result "1/2-1/2"]
[WhiteElo "2600"]
[BlackElo "2558"]
[PlyCount "59"]
[EventDate "2008.04.02"]
[SourceDate "1999.07.01"]

1. d4 Nf6 2. c4 g6 3. Nc3 Bg7 4. e4 d6 5. Nf3 O-O 6. Be2 e5 7. O-O Nc6 8. d5
Ne7 9. b4 Nh5 10. Re1 f5 11. Ng5 Nf6 12. f3 c6 13. Kh1 h6 14. Ne6 Bxe6 15. dxe6
Ne8 16. Qb3 Nc7 17. c5 d5 18. exd5 cxd5 19. Bb2 b6 20. cxb6 axb6 21. Rad1 Qb8
22. Nxd5 Ncxd5 23. Rxd5 Nxd5 24. Qxd5 Rd8 25. Qb3 Kh7 26. Bb5 Qd6 27. Bd7 Ra7
28. Rd1 Qe7 29. a4 Raxd7 30. exd7 1/2-1/2

[Event "Doeberl Cup"]
[Site "Canberra AUS"]
[Date "2008.03.23"]
[Round "7"]
[White "Malakhatko, V."]
[Black "Jones, G."]
[Result "0-1"]
[WhiteElo "2600"]
[BlackElo "2562"]
[PlyCount "216"]
[EventDate "2008.03.20"]
[SourceDate "1999.07.01"]

1. c4 Nf6 2. Nc3 g6 3. d4 Bg7 4. e4 d6 5. Nf3 O-O 6. Be2 e5 7. O-O exd4 8. Nxd4
Re8 9. f3 Nc6 10. Be3 Nh5 11. Qd2 Nf4 12. Rfd1 Nxd4 13. Bxd4 Bxd4+ 14. Qxd4
Nxe2+ 15. Nxe2 b6 16. Nc3 Bb7 17. Rac1 Qg5 18. Qd2 Qh5 19. b4 Re7 20. Ne2 Qe5
21. c5 dxc5 22. bxc5 bxc5 23. Qe3 Qe6 24. Nf4 Qa6 25. Rxc5 Qxa2 26. Qc3 Qa6 27.
Nh5 gxh5 28. Rg5+ Qg6 29. Rxg6+ hxg6 30. Qc5 Rae8 31. Qxa7 Bxe4 32. fxe4 Rxe4
33. Qa1 c5 34. h3 c4 35. Kh2 Re3 36. Qa7 R3e7 37. Qc5 Re4 38. Rd7 Kg7 39. Qc7
Rf8 40. Kg3 Re3+ 41. Kf2 Rd3 42. Re7 Rd2+ 43. Kg1 Rc2 44. Kh2 Kg8 45. Qf4 Rc3
46. Rc7 Rc2 47. Qf6 Rc1 48. Kg3 Rc2 49. Kh2 Rc1 50. Kg3 Rc2 51. Kf3 Rc1 52. Kf2
c3 53. Kg3 Rc2 54. Qf4 Rd2 55. Rxc3 Rd5 56. Rc7 Kg7 57. Kh2 Rf5 58. Qd4+ Kg8
59. g4 Ra5 60. Qf6 Rd5 61. Kg3 Rb5 62. Kf2 Rd5 63. Ke2 Rb5 64. Kf2 Rd5 65. Kg3
Rb5 66. Kh4 Rd5 67. Rb7 Rc5 68. Kg3 Ra5 69. Rxf7 Ra3+ 70. Kh4 Rxf7 71. Qxg6+
Rg7 72. Qe8+ Kh7 73. Qxh5+ Kg8 74. Qe8+ Kh7 75. Qh5+ Kg8 76. Qd5+ Kh8 77. Qd8+
Kh7 78. Qd6 Rga7 79. Qe6 R3a6 80. Qf5+ Kg8 81. Qd5+ Kf8 82. Qd8+ Kg7 83. g5 Ra8
84. Qd4+ Kg6 85. Qd3+ Kg7 86. Kh5 Rh8+ 87. Kg4 Rha8 88. Qc3+ Kg6 89. Qd3+ Kg7
90. Qd7+ Kg6 91. h4 Ra4+ 92. Kg3 Ra3+ 93. Kf2 R8a4 94. Qe8+ Kf5 95. Qf7+ Kg4
96. Ke2 Ra2+ 97. Kd1 Rd4+ 98. Kc1 Rdd2 99. g6 Rdc2+ 100. Kd1 Rg2 101. Qe6+ Kh5
102. Qe5+ Kg4 103. Qd4+ Kh3 104. Ke1 Ra1+ 105. Qxa1 Rg1+ 106. Kf2 Rxa1 107. h5
Ra2+ 108. Kf3 Rg2 0-1

[Event "ch-SRB"]
[Site "Mataruska Banja SRB"]
[Date "2008.03.28"]
[Round "13"]
[White "Ivanisevic, I."]
[Black "Sedlak, N."]
[Result "1-0"]
[WhiteElo "2649"]
[BlackElo "2568"]
[PlyCount "61"]
[EventDate "2008.03.15"]
[SourceDate "1999.07.01"]

1. d4 Nf6 2. c4 g6 3. Nc3 Bg7 4. e4 d6 5. Nf3 O-O 6. Be2 e5 7. Be3 Nbd7 8. O-O
Re8 9. d5 Nh5 10. g3 Bf8 11. Ne1 Ng7 12. Nd3 f5 13. f3 Be7 14. Qd2 Rf8 15. Kh1
Nf6 16. Bh6 fxe4 17. Nxe4 c6 18. Ndf2 cxd5 19. cxd5 Kh8 20. Nxf6 Bxf6 21. g4
Bh4 22. Ne4 Rf7 23. f4 exf4 24. Rxf4 Rxf4 25. Qxf4 Qe7 26. Rf1 Bd7 27. Nxd6 Bf5
28. gxf5 Qxe2 29. fxg6 hxg6 30. Nf7+ Kg8 31. Bxg7 1-0

[Event "TCh-AUT 1st Bundesliga 2007-8"]
[Site "Graz AUT"]
[Date "2008.03.16"]
[Round "11"]
[White "Miroshnichenko, E."]
[Black "Markos, J."]
[Result "1/2-1/2"]
[WhiteElo "2647"]
[BlackElo "2565"]
[PlyCount "48"]
[EventDate "2008.03.14"]
[SourceDate "1999.07.01"]

1. d4 Nf6 2. Nf3 g6 3. c4 Bg7 4. Nc3 O-O 5. e4 d6 6. Be2 e5 7. O-O Nc6 8. d5
Ne7 9. Ne1 Nd7 10. Be3 f5 11. f3 f4 12. Bf2 g5 13. Rc1 Ng6 14. c5 Nxc5 15. b4
Na6 16. Nd3 h5 17. a4 Bh6 18. Rc2 Rf7 19. Kh1 Kh8 20. Nb5 Bd7 21. Qc1 g4 22.
Nxc7 Nxc7 23. Rxc7 g3 24. Bg1 Nh4 1/2-1/2

[Event "31st San Sebastian Open"]
[Site "Donostia ESP"]
[Date "2008.03.20"]
[Round "6"]
[White "San Segundo Carrillo, P."]
[Black "Lopez Martinez, Josep"]
[Result "1/2-1/2"]
[WhiteElo "2542"]
[BlackElo "2550"]
[PlyCount "45"]
[EventDate "2008.03.16"]
[SourceDate "1999.07.01"]

1. d4 Nf6 2. c4 g6 3. Nc3 Bg7 4. e4 d6 5. Nf3 O-O 6. Be2 e5 7. O-O c6 8. Re1
Na6 9. Be3 Ng4 10. Bg5 Qe8 11. h3 f6 12. Bc1 Nh6 13. Rb1 c5 14. dxe5 dxe5 15.
Nd5 Nf7 16. a3 Nd8 17. b4 Ne6 18. Nd2 Rf7 19. Bg4 Nd4 20. Nb3 b6 21. Be3 h5 22.
Bxc8 Rxc8 23. b5 1/2-1/2

[Event "Bundesliga 2007-8"]
[Site "Hamburg GER"]
[Date "2008.03.08"]
[Round "10"]
[White "Eljanov, P."]
[Black "McShane, L."]
[Result "1-0"]
[WhiteElo "2692"]
[BlackElo "2592"]
[PlyCount "121"]
[EventDate "2008.02.09"]
[SourceDate "1999.07.01"]

1. d4 Nf6 2. c4 g6 3. Nc3 Bg7 4. e4 d6 5. Nf3 O-O 6. Be2 e5 7. O-O Nbd7 8. Be3
h6 9. d5 Ng4 10. Bd2 f5 11. g3 Ngf6 12. Nh4 Nxe4 13. Nxe4 fxe4 14. Nxg6 Rf7 15.
Bg4 Nf6 16. Be6 Qe8 17. Bxf7+ Qxf7 18. Nh4 Bh3 19. f4 Ng4 20. fxe5 Qxf1+ 21.
Qxf1 Bxf1 22. Rxf1 Bxe5 23. Nf5 e3 24. Bxe3 Nxe3 25. Nxe3 Bd4 26. Rf3 Re8 27.
Kf2 Bxb2 28. Nf5 h5 29. Rf4 Re5 30. Nh6+ Kg7 31. Nf7 Re7 32. Ng5 c6 33. Ne6+
Kg6 34. Rf8 cxd5 35. cxd5 Be5 36. Kf3 a6 37. Ke4 Bc3 38. Rg8+ Kh6 39. Rc8 Be5
40. Rf8 Kg6 41. Rg8+ Kh6 42. h3 b5 43. g4 hxg4 44. hxg4 b4 45. g5+ Kh7 46. Ra8
Kg6 47. Rxa6 Re8 48. Ra4 Rb8 49. Nd4 Kxg5 50. Nc6 Rh8 51. Rxb4 Rh4+ 52. Kd3
Rh3+ 53. Kc4 Rc3+ 54. Kb5 Rc5+ 55. Kb6 Rxd5 56. a4 Bc3 57. Rb3 Bd2 58. Nb4 Re5
59. a5 Be3+ 60. Kc6 Rxa5 61. Rxe3 1-0

[Event "4NCL 2007-8"]
[Site "Wokefield Park ENG"]
[Date "2008.03.02"]
[Round "8"]
[White "Gordon, S."]
[Black "Jones, G."]
[Result "1/2-1/2"]
[WhiteElo "2501"]
[BlackElo "2562"]
[PlyCount "95"]
[EventDate "2008.01.01"]
[SourceDate "1999.07.01"]

1. d4 Nf6 2. c4 g6 3. Nc3 Bg7 4. e4 d6 5. Nf3 O-O 6. Be2 e5 7. O-O Nc6 8. d5
Ne7 9. b4 c6 10. a4 a5 11. bxa5 c5 12. Ra3 Rxa5 13. Ne1 Nd7 14. Nb5 Ra6 15. Bg5
f6 16. Bh4 g5 17. Bg3 f5 18. exf5 Nxf5 19. Nc2 Nf6 20. Bd3 h5 21. f3 Nxg3 22.
hxg3 h4 23. f4 gxf4 24. gxf4 h3 25. fxe5 h2+ 26. Kh1 Ng4 27. e6 Qh4 28. Bf5
Nf2+ 29. Rxf2 Qxf2 30. Rf3 Qg1+ 31. Qxg1 hxg1=Q+ 32. Kxg1 Bf6 33. Rg3+ Kh8 34.
Rh3+ Kg8 35. Rg3+ Kh8 36. Rh3+ Kg8 37. Rh7 Bg7 38. Bd3 Rxa4 39. Nxd6 Ra6 40.
Nb5 Bxe6 41. dxe6 Rxe6 42. Rh5 b6 43. Nc7 Re5 44. Rxe5 Bxe5 45. Nd5 Bg3 46.
Ne7+ Kf7 47. Nf5 Rd8 48. Nxg3 1/2-1/2

[Event "25th Festival Open A"]
[Site "Bled SLO"]
[Date "2008.02.27"]
[Round "6"]
[White "Lenic, L."]
[Black "Sedlak, N."]
[Result "1/2-1/2"]
[WhiteElo "2568"]
[BlackElo "2568"]
[PlyCount "35"]
[EventDate "2008.02.23"]
[SourceDate "1999.07.01"]

1. d4 Nf6 2. c4 g6 3. Nc3 Bg7 4. e4 d6 5. Nf3 O-O 6. Be2 e5 7. O-O c6 8. d5 Na6
9. Be3 Ng4 10. Bg5 f6 11. Bh4 c5 12. Ne1 Nh6 13. f3 Nf7 14. Nd3 b6 15. Rb1 Nb4
16. Nf2 Bh6 17. a3 Na6 18. Nd3 1/2-1/2

[Event "25th Festival Open A"]
[Site "Bled SLO"]
[Date "2008.02.29"]
[Round "8"]
[White "Tratar, M."]
[Black "Sedlak, N."]
[Result "1-0"]
[WhiteElo "2507"]
[BlackElo "2568"]
[PlyCount "99"]
[EventDate "2008.02.23"]
[SourceDate "1999.07.01"]

1. Nf3 Nf6 2. c4 g6 3. Nc3 Bg7 4. e4 d6 5. d4 O-O 6. Be2 e5 7. O-O Nc6 8. d5
Ne7 9. Nd2 a5 10. a3 Bd7 11. b3 c6 12. Rb1 b5 13. b4 axb4 14. axb4 cxd5 15.
cxd5 Qb6 16. Rb2 h5 17. Ndb1 Rfb8 18. Be3 Qd8 19. f3 Nh7 20. Qd2 f5 21. Ra2 Nf6
22. Rxa8 Rxa8 23. Rc1 h4 24. h3 Kh7 25. Qe1 Bh6 26. Qxh4 f4 27. Bd2 Nh5 28. Qf2
Bg5 29. Be1 Qb8 30. Bd3 Ng8 31. Qd2 Bd8 32. Bf2 Nh6 33. Rc2 Nf7 34. Ra2 Rxa2
35. Qxa2 Bb6 36. Bxb6 Qxb6+ 37. Qf2 Qa6 38. Kf1 Kg7 39. Ke1 Ng3 40. Kd1 g5 41.
Kc1 Qc8 42. Kb2 Bxh3 43. gxh3 Qxh3 44. Bxb5 g4 45. Bd7 Nh1 46. Qg1 Qg3 47. Qxg3
fxg3 48. Bxg4 g2 49. Ne2 Ng3 50. Nbc3 1-0

[Event "Aeroflot Open"]
[Site "Moscow RUS"]
[Date "2008.02.14"]
[Round "1"]
[White "Feller, S."]
[Black "Chuprov, D."]
[Result "1-0"]
[WhiteElo "2522"]
[BlackElo "2596"]
[PlyCount "69"]
[EventDate "2008.02.14"]
[SourceDate "1999.07.01"]

1. d4 Nf6 2. Nf3 d6 3. c4 g6 4. Nc3 Bg7 5. e4 O-O 6. Be2 e5 7. Be3 Ng4 8. Bg5
f6 9. Bh4 g5 10. Bg3 Nh6 11. h3 Nc6 12. d5 Nd4 13. Nxd4 exd4 14. Qxd4 f5 15.
Qd2 f4 16. Bh2 Nf7 17. O-O-O a6 18. h4 h6 19. hxg5 hxg5 20. f3 Bd7 21. g3 fxg3
22. Bxg3 b5 23. Rdg1 Re8 24. f4 b4 25. Nd1 Rxe4 26. Bd3 Rd4 27. Bf2 Rxf4 28.
Be3 Rg4 29. Bh7+ Kf8 30. Rf1 Rxc4+ 31. Kb1 Qe7 32. Bxg5 Qe5 33. Rxf7+ Kxf7 34.
Rf1+ Bf6 35. Bxf6 1-0

[Event "Aeroflot Open"]
[Site "Moscow RUS"]
[Date "2008.02.21"]
[Round "8"]
[White "Khalifman, A."]
[Black "Zhou Jianchao"]
[Result "1/2-1/2"]
[WhiteElo "2638"]
[BlackElo "2551"]
[PlyCount "39"]
[EventDate "2008.02.14"]
[SourceDate "1999.07.01"]

1. d4 Nf6 2. c4 g6 3. Nc3 Bg7 4. e4 d6 5. Nf3 O-O 6. Be2 e5 7. O-O Nc6 8. d5
Ne7 9. Ne1 Nd7 10. Nd3 f5 11. Bd2 fxe4 12. Nxe4 Nf6 13. Bf3 Bf5 14. Qe2 Bxe4
15. Bxe4 Nf5 16. Bg5 Nd4 17. Qd1 Qd7 18. Bxf6 Bxf6 19. Nc1 b5 20. b3 1/2-1/2

[Event "Aeroflot Open"]
[Site "Moscow RUS"]
[Date "2008.02.22"]
[Round "9"]
[White "Evdokimov, Alexa"]
[Black "Bologan, V."]
[Result "0-1"]
[WhiteElo "2569"]
[BlackElo "2663"]
[PlyCount "114"]
[EventDate "2008.02.14"]
[SourceDate "1999.07.01"]

1. d4 Nf6 2. c4 g6 3. Nc3 Bg7 4. e4 d6 5. Nf3 O-O 6. Be2 e5 7. Be3 Nbd7 8. O-O
Re8 9. Qc2 exd4 10. Nxd4 c6 11. Rad1 a6 12. Rfe1 Qc7 13. a3 b5 14. cxb5 cxb5
15. Qd2 Bb7 16. f3 d5 17. exd5 Nb6 18. Rc1 Qd7 19. Nb3 Nfxd5 20. Nc5 Qe7 21.
Nxd5 Bxd5 22. Bf2 Qf6 23. b3 Qb2 24. Rc2 Qxa3 25. Rd1 Bf8 26. Bd4 Rad8 27. Ra1
Bxf3 28. Rxa3 Rxe2 29. Qd3 Rxd4 30. Qxd4 Rxc2 31. b4 Bd5 32. Nd3 Rxg2+ 33. Kf1
Nc4 34. Ne5 Rg5 35. Nxc4 Bxc4+ 36. Kf2 Rd5 37. Qb2 Bh6 38. Qb1 Rd2+ 39. Kg3 Bd5
40. Qf1 Bg7 41. Qf4 Rg2+ 42. Kh3 h6 43. Rg3 Rc2 44. Re3 Rc6 45. Kg3 Kh7 46. Qb8
Rc2 47. Rd3 Rg2+ 48. Kf4 Bc4 49. Rd6 Rb2 50. Rxa6 Rxb4 51. Qd6 Rb3 52. Ra3 Rb2
53. Ra8 Rxh2 54. Qd8 h5 55. Kg5 Rg2+ 56. Kf4 Rg4+ 57. Ke3 b4 0-1

[Event "XXIV Open"]
[Site "Cappelle La Grande FRA"]
[Date "2008.02.20"]
[Round "6"]
[White "Malakhatko, V."]
[Black "Renet, O."]
[Result "1/2-1/2"]
[WhiteElo "2600"]
[BlackElo "2513"]
[PlyCount "64"]
[EventDate "2008.02.16"]
[SourceDate "1999.07.01"]

1. c4 g6 2. d4 Nf6 3. Nc3 Bg7 4. e4 d6 5. Nf3 O-O 6. Be2 e5 7. O-O Nc6 8. d5
Ne7 9. b4 a5 10. Ba3 b6 11. bxa5 Nh5 12. Re1 f5 13. Bb4 bxa5 14. Ba3 Nf4 15.
Bf1 fxe4 16. Nd2 Nd3 17. Bxd3 exd3 18. Nde4 Nf5 19. Qxd3 Ba6 20. Nb5 Qd7 21.
Bb2 a4 22. Bc3 Bxb5 23. cxb5 Rab8 24. Rab1 Nd4 25. Bxd4 exd4 26. Ng5 Qf5 27.
Qxf5 Rxf5 28. Ne6 d3 29. Red1 Rxd5 30. Nxc7 Rf5 31. Rxd3 Rc5 32. Ne6 Rcxb5
1/2-1/2